|
|
|
|
| LEADER |
00000cam a2200000 7i4500 |
| 001 |
0000007256 |
| 005 |
20151222.0 |
| 008 |
070829 |
| 020 |
|
|
|a 9832747961(set)
|
| 020 |
|
|
|a 9832747988
|
| 090 |
0 |
0 |
|a HEA
|b MAL
|
| 100 |
0 |
|
|a Zulhilmi bin Abdul Razak
|
| 245 |
1 |
0 |
|a Demam Denggi dan Malaria & Hepatitis A dan B
|c Zulhilmi bin Abdul Razak; Revathi Sivalingam
|
| 260 |
|
|
|a Selangor :
|b EDU Quest Publisher ,
|c 2006
|
| 440 |
|
|
|a Siri penyakit
|
| 500 |
|
|
|a Children ages 10-12 years old (pink)
|
| 650 |
|
0 |
|a Health
|x Education
|
| 700 |
0 |
|
|a Revathi Sivalingam
|
| 999 |
|
|
|a 0000989459
|b Book
|c Children Collection
|e Perbadanan Perpustakaan Awam Johor
|
| 999 |
|
|
|a 0000989460
|b Book
|c Children Collection
|e Perbadanan Perpustakaan Awam Johor
|
| 999 |
|
|
|a 0000989461
|b Book
|c Children Collection
|e Cawangan Tangkak
|
| 999 |
|
|
|a 0000989462
|b Book
|c Children Collection
|e Perbadanan Perpustakaan Awam Johor
|
| 999 |
|
|
|a 0001014814
|b Book
|c Children Collection
|e Cawangan Taman Universiti
|
| 999 |
|
|
|a 0001014815
|b Book
|c Children Collection
|e Cawangan Taman Universiti
|
| 999 |
|
|
|a 0001014816
|b Book
|c Children Collection
|e Cawangan Taman Universiti
|
| 999 |
|
|
|a 0001014817
|b Book
|c Children Collection
|e Cawangan Taman Universiti
|